The economic impact of road accidents: the case of Sri Lanka (Record no. 510254)

000 -LEADER
fixed length control field 01392nam a2200169 4500
008 - FIXED-LENGTH DATA ELEMENTS--GENERAL INFORMATION
fixed length control field 190808b ||||| |||| 00| 0 eng d
100 ## - MAIN ENTRY--PERSONAL NAME
Personal name Bhavan, Thangamani
245 ## - TITLE STATEMENT
Title The economic impact of road accidents: the case of Sri Lanka
260 ## - PUBLICATION, DISTRIBUTION, ETC. (IMPRINT)
Date of publication, distribution, etc 2019
300 ## - PHYSICAL DESCRIPTION
Extent p.124-137.
520 ## - SUMMARY, ETC.
Summary, etc The purpose of this study is to disclose accident-related indices and investigate the extent to which the road accidents impact on the economic performance of Sri Lanka during the period from 1977 to 2016. Annual time-series data are used to evaluate the accident indices for econometric analysis. Augmented Dickey–Fuller (ADF) unit root analysis and Johansen’s maximum likelihood estimator of
the parameters of a cointegrating vector error correction model (VECM) are employed to test the stationary properties of the time series and to examine the long-run relationship between the variables, respectively. The results derived from the analysis confirm the existence of long-run relationship between the accident-related indices and macroeconomic indicators. The long-run elasticity values imply the signs and magnitude of impact of the accident indices on macroeconomic indicators. - Reproduced.
650 ## - SUBJECT ADDED ENTRY--TOPICAL TERM
Topical term or geographic name as entry element Roads - Accidents - Sri Lanka
9 (RLIN) 7929
650 ## - SUBJECT ADDED ENTRY--TOPICAL TERM
Topical term or geographic name as entry element Economic growth
9 (RLIN) 7930
773 ## - HOST ITEM ENTRY
Main entry heading South Asia Economic Journal
906 ## - LOCAL DATA ELEMENT F, LDF (RLIN)
Subject DIP Accidents - Sri Lanka
942 ## - ADDED ENTRY ELEMENTS (KOHA)
Source of classification or shelving scheme
Item type Articles
Holdings
Withdrawn status Lost status Source of classification or shelving scheme Damaged status Not for loan Permanent location Current location Date acquired Serial Enumeration / chronology Barcode Date last seen Koha item type
          Indian Institute of Public Administration Indian Institute of Public Administration 2019-08-08 20(1), Mar, 2019: p.124-137. AR120205 2019-08-08 Articles

Powered by Koha